|
|
|
|
| LEADER |
01013nam a2200277 a 4500 |
| 001 |
1520 |
| 003 |
BD-DhAAL |
| 005 |
20150418122803.0 |
| 008 |
150418s1994 nyua b 000 0 eng |
| 010 |
|
|
|a 93047904
|
| 020 |
|
|
|a 0070539391 (alk. paper)
|
| 040 |
|
|
|a DLC
|c DLC
|d DLC
|d BD-DhAAL
|
| 050 |
0 |
0 |
|a JF1351
|b .C64 1994
|
| 082 |
0 |
0 |
|a 350
|2 20
|
| 245 |
0 |
0 |
|a Contemporary public administration /
|c David H. Rosenbloom, Deborah D. Goldman, Patricia W. Ingraham [editors].
|
| 260 |
|
|
|a New York :
|b McGraw-Hill,
|c c1994.
|
| 300 |
|
|
|a xiv, 536 p. :
|b ill. ;
|c 24 cm.
|
| 504 |
|
|
|a Includes bibliographical references.
|
| 541 |
|
|
|e 1520
|
| 650 |
|
0 |
|a Public administration.
|9 10531
|
| 700 |
1 |
|
|a Rosenbloom, David H.
|9 10532
|
| 700 |
1 |
|
|a Goldman, Deborah D.
|9 10533
|
| 700 |
1 |
|
|a Ingraham, Patricia W.
|9 10534
|
| 942 |
|
|
|2 ddc
|c BK
|
| 999 |
|
|
|c 34268
|d 34268
|
| 952 |
|
|
|0 0
|1 0
|2 ddc
|4 0
|6 350_000000000000000_CON
|7 0
|9 53498
|a SCL
|b SCL
|c GEN
|d 2015-04-18
|e Gift: The Asia Foundation
|l 0
|o 350 CON
|p 3020001520
|r 2015-04-18
|t 1
|w 2015-04-18
|y BK
|